书目信息 |
| 题名: |
马克思恩格斯和第一个国际无产阶级组织
|
|
| 作者: | 张友伦 著 | |
| 分册: | ||
| 出版信息: | 天津 天津人民出版社 1983 |
|
| 页数: | 235页 | |
| 开本: | 19cm | |
| 丛书名: | ||
| 单 册: | ||
| 中图分类: | D12 | |
| 科图分类: | ||
| 主题词: | ||
| 电子资源: | ||
| ISBN: | ||
| 000 | 00646nam0 2200229 45 | |
| 001 | 0183005543 | |
| 005 | 20060926105357.45 | |
| 010 | @dCNY0.64 | |
| 091 | @aCN@b11072.125 | |
| 100 | @a19950628d1983 em y0chiy0121 ea | |
| 101 | 0 | @achi |
| 102 | @aCN@b120000 | |
| 105 | @ay z 000yy | |
| 200 | 10 | @a马克思恩格斯和第一个国际无产阶级组织@Ama ke si en ge si he di yi ge guo ji wu chan jie ji zu zhi@f张友伦著 |
| 210 | @a天津@c天津人民出版社@d1983 | |
| 215 | @a235页@d19cm | |
| 601 | 02 | @a第一国际 |
| 690 | @aD12@v3 | |
| 701 | 0 | @a张友伦@Azhang you lun@4著 |
| 801 | 0 | @aCN@bTSSF@c20060926 |
| 801 | 2 | @aCN@bNLC@c20060727 |
| 905 | @a10447@dD12@e8 | |
| 马克思恩格斯和第一个国际无产阶级组织/张友伦著.-天津:天津人民出版社,1983 |
| 235页;19cm |
| ISBN :CNY0.64 |
| ● |
| 相关链接 |
|
|
|
|
正题名:马克思恩格斯和第一个国际无产阶级组织
索取号:D12/8
 
预约/预借
| 序号 | 登录号 | 条形码 | 馆藏地/架位号 | 状态 | 备注 |
| 1 | 0422161 | 204221617 | 密集书库/ [索取号:D12/8] | 在馆 | |
| 2 | 0422162 | 204221626 | 密集书库/ [索取号:D12/8] | 在馆 | |
| 3 | 0422176 | 204221760 | 密集书库/ [索取号:D12/8] | 在馆 | |
| 4 | 0422177 | 204221779 | 密集书库/ [索取号:D12/8] | 在馆 | |
| 5 | 0439980 | 204399800 | 密集书库/ [索取号:D12/8] | 在馆 |